| 000 | 00414nam a22001697a 4500 | ||
|---|---|---|---|
| 005 | 20160629125113.0 | ||
| 008 | 160629b xxu||||| |||| 00| 0 eng d | ||
| 020 | _a81-203-148-4 | ||
| 041 | _aeng | ||
| 082 | _b10834 | ||
| 100 |
_aRazakis, Lowrie E _93181 |
||
| 245 | _aGuide to peaking in publicing confidence | ||
| 260 |
_bAlfa books (PHI) _c1998 |
||
| 300 | _a267 | ||
| 650 |
_aManagement _9241 |
||
| 942 | _cBK | ||
| 999 |
_c4673 _d4671 |
||